Movies by release date 30's to 50's - Statistics

General Stats
  • This quiz has been taken 18 times
  • The average score is 14 of 20
Answer Stats
Movie Year % Correct
Ben Hur 1959
93%
12 Angry Men 1957
87%
North by Northwest 1959
87%
Some Like it Hot 1959
80%
Citizen Kane 1941
73%
Rear Window 1954
73%
Dial M for Murder 1954
73%
Rebel without a Cause 1955
73%
Vertigo 1958
73%
Snow White and the Seven Dwarfs 1937
67%
Gentlemen Prefer Blondes 1953
67%
Gone With the Wind 1939
60%
The Great Dictator 1940
60%
Sunset Boulevard 1950
60%
Strangers on a Train 1951
60%
Stalag 17 1953
60%
Cat on a Hot Tin Roof 1958
60%
Modern Times 1936
53%
All Quiet on the Western Front 1930
47%
Pinocchio 1940
47%
No matching quizzes found
Score Distribution
Percent of People with Each Score
Percentile by Number Answered
Your Score History
You have not taken this quiz